| 000 | 00921nam a2200181Ia 4500 | ||
|---|---|---|---|
| 008 | 090630s9999 xx 000 0 und d | ||
| 082 | _b27890 | ||
| 100 | _aसंपा. चौधरी कि. का. | ||
| 245 |
_aरायगड जिल्हा - महाराष्ट्र राज्य गॅझेटिअर. _cसंपा. चौधरी कि. का. |
||
| 260 |
_bदर्शनिका विभाग - महाराष्ट्र शासन. _c1993 |
||
| 300 | _a938 | ||
| 600 | _aसंपा. चौधरी कि. का. | ||
| 630 | _aरायगड जिल्हा - महाराष्ट्र राज्य गॅझेटिअर. | ||
| 655 | _aइतर. | ||
| 700 | _aसंपा. चौधरी कि. का. | ||
| 730 | _aरायगड जिल्हा - महाराष्ट्र राज्य गॅझेटिअर. | ||
| 942 | _cBOOK | ||
| 999 |
_c279746 _d279746 |
||